[Event "Creon op 17th"]
[Site "Creon"]
[Date "2012.07.31"]
[Round "3"]
[White "Roch, Florian"]
[Black "Kohi, Camilla"]
[Result "1-0"]
[WhiteElo "1617"]
[BlackElo "1775"]
[PlyCount "41"]
[EventDate "2012.07.30"]
[EventType "swiss"]
[EventRounds "9"]
[EventCountry "FRA"]
[SourceTitle "CBM 149 Extra"]
[Source "ChessBase"]
[SourceDate "2012.08.24"]
[SourceVersion "1"]
[SourceVersionDate "2012.08.24"]
[SourceQuality "1"]

1. e4 e6 2. d4 d5 3. Nd2 Nf6 4. e5 Nfd7 5. f4 c5 6. Ngf3 Nc6 7. c3 Qb6 8. Nb3 cxd4 9. Nfxd4 a6 10. Be3 Qc7 11. Bd3 Nb6 12. 0-0 Bd7 13. Qe2 0-0-0 14. Nxc6 Bxc6 15. Bxa6 Be7 16. Bd3 Rdg8 17. Nd2 Nd7 18. b4 b6 19. a4 g5 20. f5 Qxe5 21. a5 1-0

[Event "FRA-ch U18 Girls"]
[Site "Montlucon"]
[Date "2011.04.20"]
[Round "5"]
[White "Kohi, Camilla"]
[Black "Haller, Noemie"]
[Result "1-0"]
[WhiteElo "1797"]
[BlackElo "1654"]
[PlyCount "33"]
[EventDate "2011.04.17"]
[EventType "swiss"]
[EventRounds "9"]
[EventCountry "FRA"]
[SourceTitle "CBM 142 Extra"]
[Source "ChessBase"]
[SourceDate "2011.06.27"]
[SourceVersion "1"]
[SourceVersionDate "2011.06.27"]
[SourceQuality "1"]

1. d4 Nf6 2. c4 g6 3. Nc3 Bg7 4. e4 d6 5. f3 0-0 6. Nge2 Nc6 7. Bg5 e5 8. d5 Ne7 9. Qd2 Nd7 10. 0-0-0 a5 11. h4 Nc5 12. Bh6 Qe8 13. h5 f5 14. Bxg7 Kxg7 15. Nb5 Rf6 16. Nxc7 Qa4 17. Nc3 1-0

[Event "FRA-ch U18 Girls"]
[Site "Montlucon"]
[Date "2011.04.19"]
[Round "4"]
[White "Le Bail, Arielle"]
[Black "Kohi, Camilla"]
[Result "1-0"]
[WhiteElo "1859"]
[BlackElo "1797"]
[PlyCount "49"]
[EventDate "2011.04.17"]
[EventType "swiss"]
[EventRounds "9"]
[EventCountry "FRA"]
[SourceTitle "CBM 142 Extra"]
[Source "ChessBase"]
[SourceDate "2011.06.27"]
[SourceVersion "1"]
[SourceVersionDate "2011.06.27"]
[SourceQuality "1"]

1. d4 Nf6 2. c4 g6 3. Nc3 Bg7 4. e4 d6 5. f3 0-0 6. Nge2 Nc6 7. Bg5 a6 8. Qd2 Rb8 9. d5 Ne5 10. Nd4 c5 11. Nc2 Qb6 12. Be2 e6 13. 0-0 exd5 14. cxd5 Re8 15. Kh1 Qc7 16. f4 Ned7 17. e5 dxe5 18. fxe5 Nh5 19. d6 Qa5 20. Bxh5 gxh5 21. Qf4 Nxe5 22. Nd5 Be6 23. Nf6+ Kh8 24. Qxe5 Bf5 25. Qxf5 1-0

[Event "FRA-ch U18 Girls"]
[Site "Montlucon"]
[Date "2011.04.18"]
[Round "2"]
[White "Copin, Oceane"]
[Black "Kohi, Camilla"]
[Result "1/2-1/2"]
[WhiteElo "1914"]
[BlackElo "1797"]
[PlyCount "89"]
[EventDate "2011.04.17"]
[EventType "swiss"]
[EventRounds "9"]
[EventCountry "FRA"]
[SourceTitle "CBM 142 Extra"]
[Source "ChessBase"]
[SourceDate "2011.06.27"]
[SourceVersion "1"]
[SourceVersionDate "2011.06.27"]
[SourceQuality "1"]

1. d4 g6 2. Nf3 Bg7 3. Nbd2 d6 4. e4 Nc6 5. c3 e5 6. d5 Nce7 7. Bd3 Nh6 8. Nf1 0-0 9. Ng3 f5 10. c4 Nf7 11. Qc2 f4 12. Ne2 g5 13. Bd2 g4 14. Nh4 Nxd5 15. cxd5 Qxh4 16. Qxc7 g3 17. fxg3 fxg3 18. Nxg3 Nh6 19. 0-0-0 Bg4 20. Qxb7 Bxd1 21. Kxd1 Rab8 22. Qxa7 Rxb2 23. Kc1 Rbb8 24. a4 Rbc8+ 25. Kd1 Ng4 26. Rf1 Rxf1+ 27. Bxf1 Nxh2 28. Nf5 Qf6 29. Ba6 Rf8 30. Be2 h5 31. Bxh5 Nf1 32. Qxg7+ Qxg7 33. Nxg7 Nxd2 34. Kxd2 Kxg7 35. Kc3 Rf2 36. Bf3 Kf7 37. Kc4 Ke7 38. Kb5 Kd7 39. Kb6 Rb2+ 40. Ka5 Rb6 41. Bg4+ Kc7 42. Bf5 Rb2 43. Ka6 Rxg2 44. Kb5 Rb2+ 45. Ka5 1/2-1/2

[Event "FRA-chT1 1011"]
[Site "France"]
[Date "2010.12.11"]
[Round "4.8"]
[White "Kohi, Camilla"]
[Black "Eid, Maha"]
[Result "0-1"]
[WhiteElo "1789"]
[BlackElo "2067"]
[PlyCount "62"]
[EventDate "2010.10.17"]
[EventType "team-tourn"]
[EventRounds "11"]
[EventCountry "FRA"]
[SourceTitle "EXT 2012"]
[Source "ChessBase"]
[SourceDate "2011.11.24"]
[SourceVersion "1"]
[SourceVersionDate "2011.11.24"]
[SourceQuality "1"]

1. d4 Nf6 2. c4 e6 3. Nc3 Bb4 4. Bd2 0-0 5. Nf3 b6 6. e3 Bb7 7. Bd3 d6 8. 0-0 Nbd7 9. Qc2 e5 10. Ng5 g6 11. Nge4 Ne8 12. f3 f5 13. Nf2 Ng7 14. Rae1 Bxc3 15. Bxc3 c5 16. b3 Qe7 17. dxc5 dxc5 18. Qb2 Rae8 19. e4 f4 20. Bb1 Nb8 21. b4 Nc6 22. Kh1 cxb4 23. Bd2 a5 24. Bc2 Rd8 25. Bb3 Kh8 26. Rd1 Nd4 27. Bc1 Bc6 28. Nd3 Nh5 29. Rg1 a4 30. Bc2 Ng3+ 31. hxg3 fxg3 0-1

[Event "FRA-chT2 1011"]
[Site "France"]
[Date "2010.11.13"]
[Round "2.8"]
[White "Kohi, Camilla"]
[Black "Gillot, Jean Yves"]
[Result "0-1"]
[WhiteElo "1789"]
[BlackElo "1907"]
[PlyCount "146"]
[EventDate "2010.10.17"]
[EventType "team-tourn"]
[EventRounds "11"]
[EventCountry "FRA"]
[SourceTitle "EXT 2012"]
[Source "ChessBase"]
[SourceDate "2011.11.24"]
[SourceVersion "1"]
[SourceVersionDate "2011.11.24"]
[SourceQuality "1"]

1. d4 d5 2. c4 e6 3. Nf3 Be7 4. Nc3 Nf6 5. Bg5 0-0 6. e3 h6 7. Bh4 Ne4 8. Bxe7 Qxe7 9. a3 Nd7 10. Qc2 Nxc3 11. Qxc3 dxc4 12. Bxc4 c5 13. 0-0 b6 14. d5 exd5 15. Bxd5 Rb8 16. Qd3 Nf6 17. Ba2 Rd8 18. Qe2 Bf5 19. Rfd1 Rxd1+ 20. Rxd1 Rd8 21. Rxd8+ Qxd8 22. Ne5 Be6 23. Bxe6 fxe6 24. h3 Qd5 25. Ng6 Qd6 26. Qc4 Kf7 27. Nf4 Nd5 28. Qd3 Qe5 29. Qg6+ Ke7 30. Nxd5+ exd5 31. Qc6 Qd6 32. Qb7+ Qd7 33. Qb8 Ke6 34. f4 Kf7 35. Qe5 Qe6 36. Qc7+ Qe7 37. Qxe7+ Kxe7 38. Kf2 Ke6 39. Kf3 b5 40. e4 d4 41. Ke2 c4 42. Kd2 a5 43. Kc2 b4 44. axb4 axb4 45. Kc1 g5 46. f5+ Kf6 47. Kd1 b3 48. Kd2 h5 49. g3 g4 50. hxg4 hxg4 51. Kc1 c3 52. bxc3 dxc3 53. Kb1 b2 54. Ka2 Ke5 55. Kb1 Kxe4 56. f6 Kd3 57. f7 Kd2 58. f8Q c2+ 59. Kxb2 c1Q+ 60. Ka2 Qc4+ 61. Kb2 Qc3+ 62. Kb1 Qxg3 63. Qb4+ Ke2 64. Qe4+ Kf1 65. Qc4+ Kg1 66. Qd4+ Kg2 67. Qd2+ Qf2 68. Qd5+ Kg1 69. Kc1 Qf1+ 70. Kd2 Qg2+ 71. Qxg2+ Kxg2 72. Ke2 g3 73. Ke1 Kh2 0-1

[Event "FRA-ch U18 Girls"]
[Site "Troyes"]
[Date "2010.04.12"]
[Round "3"]
[White "Daif, Sarah"]
[Black "Kohi, Camilla"]
[Result "1-0"]
[WhiteElo "1643"]
[BlackElo "1824"]
[PlyCount "55"]
[EventDate "2010.04.11"]
[EventType "swiss"]
[EventRounds "9"]
[EventCountry "FRA"]
[SourceTitle "EXT 2012"]
[Source "ChessBase"]
[SourceDate "2011.11.24"]
[SourceVersion "1"]
[SourceVersionDate "2011.11.24"]
[SourceQuality "1"]

1. d4 Nf6 2. Nf3 g6 3. Bf4 Bg7 4. e3 d6 5. h3 Nbd7 6. Be2 c5 7. c3 cxd4 8. cxd4 b6 9. 0-0 0-0 10. Nbd2 Bb7 11. Qa4 Nh5 12. Bh2 f5 13. Ng5 Rf6 14. e4 h6 15. e5 hxg5 16. exf6 Ndxf6 17. Bf3 Ne4 18. Nxe4 fxe4 19. Qb3+ Kh7 20. Bxh5 gxh5 21. Qf7 Kh6 22. Qe6+ Bf6 23. d5 Qg8 24. Qxe4 Bxd5 25. Qe3 Qg7 26. h4 Bxb2 27. hxg5+ Kh7 28. Qd3+ 1-0

[Event "FRA-ch U14 Girls"]
[Site "Le Grand Bornand"]
[Date "2007.04.??"]
[Round "2"]
[White "Kohi, Camilla"]
[Black "Auffret, Gaelle"]
[Result "1-0"]
[WhiteElo "1875"]
[BlackElo "1620"]
[PlyCount "79"]
[EventDate "2007.04.07"]
[EventType "swiss"]
[EventRounds "9"]
[EventCountry "FRA"]
[SourceTitle "CBM 118 Extra"]
[Source "ChessBase"]
[SourceDate "2007.07.04"]
[SourceVersion "1"]
[SourceVersionDate "2007.07.04"]
[SourceQuality "1"]

1. e4 e6 2. d4 d5 3. Nc3 Bb4 4. exd5 exd5 5. Bd3 c5 6. dxc5 Bxc5 7. Bb5+ Bd7 8. Bxd7+ Nxd7 9. Nxd5 Ne7 10. Nxe7 Qxe7+ 11. Qe2 0-0 12. Qxe7 Bxe7 13. Ne2 Rfe8 14. 0-0 Bc5 15. Nf4 Nf6 16. Nd3 Bb6 17. Bg5 Re2 18. Bxf6 gxf6 19. c3 Rd8 20. Rfd1 Rd5 21. Kf1 Rc2 22. g4 Rxd3 23. Rxd3 Rxf2+ 24. Ke1 Rxh2 25. Rf3 Rxb2 26. Rxf6 Rg2 27. Rf4 Rg1+ 28. Rf1 Rxg4 29. Ke2 Ba5 30. Rg1 h5 31. Rxg4+ hxg4 32. Rg1 f5 33. Rf1 Kg7 34. Rxf5 Bd8 35. Rf4 g3 36. Rg4+ Kf6 37. Rxg3 Ke5 38. Rg7 Ba5 39. Kd3 b5 40. Rxa7 1-0

[Event "FRA-ch U14 Girls"]
[Site "Le Grand Bornand"]
[Date "2007.04.??"]
[Round "4"]
[White "Kohi, Camilla"]
[Black "Lefevre, Margaux"]
[Result "0-1"]
[WhiteElo "1875"]
[BlackElo "1855"]
[PlyCount "62"]
[EventDate "2007.04.07"]
[EventType "swiss"]
[EventRounds "9"]
[EventCountry "FRA"]
[SourceTitle "CBM 118 Extra"]
[Source "ChessBase"]
[SourceDate "2007.07.04"]
[SourceVersion "1"]
[SourceVersionDate "2007.07.04"]
[SourceQuality "1"]

1. e4 c5 2. c3 Nc6 3. d4 cxd4 4. cxd4 Nf6 5. Nc3 d6 6. Bc4 e6 7. f3 a6 8. Be3 b5 9. Bb3 Na5 10. d5 e5 11. Rc1 Bd7 12. a3 Rc8 13. Nge2 Nh5 14. 0-0 Nxb3 15. Qxb3 g5 16. Ng3 Nf4 17. Qd1 h5 18. Nge2 f5 19. Re1 Nxe2+ 20. Qxe2 f4 21. Bf2 g4 22. Rf1 Rg8 23. Be1 Qg5 24. Kh1 g3 25. Rc2 Qh4 26. h3 Bxh3 27. Bxg3 Bxg2+ 28. Kxg2 Rxg3+ 29. Kf2 Rh3+ 30. Kg1 Rh1+ 31. Kg2 Qh2# 0-1

[Event "FRA-ch U14 Girls"]
[Site "Le Grand Bornand"]
[Date "2007.04.??"]
[Round "6"]
[White "Kohi, Camilla"]
[Black "Llacer, Cassandra"]
[Result "1-0"]
[WhiteElo "1875"]
[BlackElo "1660"]
[PlyCount "54"]
[EventDate "2007.04.07"]
[EventType "swiss"]
[EventRounds "9"]
[EventCountry "FRA"]
[SourceTitle "CBM 118 Extra"]
[Source "ChessBase"]
[SourceDate "2007.07.04"]
[SourceVersion "1"]
[SourceVersionDate "2007.07.04"]
[SourceQuality "1"]

1. e4 e5 2. Nf3 Nc6 3. Bc4 Nf6 4. d3 Bc5 5. Nc3 d6 6. Bg5 h6 7. Bxf6 Qxf6 8. Nd5 Qd8 9. c3 Na5 10. Bb3 Nxb3 11. axb3 c6 12. Ne3 Qb6 13. Nc4 Qc7 14. h3 b5 15. Ne3 Be6 16. 0-0 0-0 17. d4 Bb6 18. d5 Bxe3 19. dxe6 Bb6 20. exf7+ Rxf7 21. Nh4 Rf4 22. Nf5 Rd8 23. Qh5 Rf8 24. g3 Rxe4 25. Nxh6+ gxh6 26. Qg6+ Qg7 27. Qxe4 Rf4 1-0

[Event "FRA-ch U14 Girls"]
[Site "Le Grand Bornand"]
[Date "2007.04.??"]
[Round "9"]
[White "Kohi, Camilla"]
[Black "Neuhauser, Salome"]
[Result "0-1"]
[WhiteElo "1875"]
[BlackElo "1866"]
[PlyCount "82"]
[EventDate "2007.04.07"]
[EventType "swiss"]
[EventRounds "9"]
[EventCountry "FRA"]
[SourceTitle "CBM 118 Extra"]
[Source "ChessBase"]
[SourceDate "2007.07.04"]
[SourceVersion "1"]
[SourceVersionDate "2007.07.04"]
[SourceQuality "1"]

1. e4 d5 2. exd5 Nf6 3. d4 Bg4 4. Bb5+ Nbd7 5. f3 Bf5 6. c4 a6 7. Bxd7+ Qxd7 8. Ne2 e6 9. dxe6 Qxe6 10. d5 Qb6 11. Qd4 Qxd4 12. Nxd4 Bd3 13. b3 Bc5 14. Bb2 0-0-0 15. Kd2 Bg6 16. Ne2 Rhe8 17. Bxf6 gxf6 18. Nbc3 Re7 19. Rae1 Bf2 20. Ref1 Be3+ 21. Kd1 Rde8 22. Re1 Bf2 23. Ref1 Bc5 24. Ng3 Re3 25. Nce4 Bb4 26. Nf2 f5 27. f4 h5 28. Kc2 h4 29. Nd3 Bf8 30. Ne5 hxg3 31. Kd2 Re4 32. hxg3 Bg7 33. Nxg6 fxg6 34. Rh7 Re2+ 35. Kd1 Rxa2 36. Rf3 Bd4 37. Rh6 Bf2 38. Rxf2 Rxf2 39. Rxg6 Rxg2 40. Rg5 Rh8 41. Rxf5 Rh1# 0-1

[Event "FRA-chT1B 0607"]
[Site "France"]
[Date "2007.03.11"]
[Round "11.6"]
[White "Kohi, Camilla"]
[Black "Safranska, Anda"]
[Result "0-1"]
[WhiteElo "1875"]
[BlackElo "2303"]
[PlyCount "94"]
[EventDate "2006.10.15"]
[EventType "team"]
[EventRounds "11"]
[EventCountry "FRA"]
[SourceTitle "EXT 2008"]
[Source "ChessBase"]
[SourceDate "2007.11.25"]
[SourceVersion "1"]
[SourceVersionDate "2007.11.25"]
[SourceQuality "1"]
[WhiteTeam "Paris Chess Club II"]
[BlackTeam "Lyon Olympique"]
[WhiteTeamCountry "FRA"]
[BlackTeamCountry "FRA"]

1. e4 c6 2. d4 g6 3. c3 Bg7 4. f4 d5 5. e5 Nh6 6. Nf3 Bg4 7. Be2 f6 8. b3 0-0 9. 0-0 Nd7 10. c4 fxe5 11. fxe5 Bxf3 12. Rxf3 Rxf3 13. Bxf3 dxc4 14. bxc4 Nf5 15. Bb2 Qb6 16. Qb3 Nxe5 17. Nd2 Nxf3+ 18. Nxf3 Qxb3 19. axb3 c5 20. Rd1 Rd8 21. Ng5 Bxd4+ 22. Bxd4 Nxd4 23. Kf2 h6 24. Nf3 Kg7 25. b4 b6 26. bxc5 bxc5 27. Ra1 Nc6 28. Ra6 Rd6 29. Ke3 Ne5 30. Rxa7 Nxc4+ 31. Ke2 Kf6 32. Rc7 Rd5 33. Rc6+ Nd6 34. Nd2 Kf5 35. Nf1 Re5+ 36. Kd3 Kf4 37. Ng3 h5 38. Ne2+ Kf5 39. Ng3+ Ke6 40. Ne2 g5 41. Rc7 h4 42. Nc3 Kf5 43. Nd1 Kf4 44. Nc3 Re3+ 45. Kd2 Rxc3 46. Kxc3 Nb5+ 47. Kc4 Nxc7 0-1

[Event "FRA-chT1B 0607"]
[Site "France"]
[Date "2007.03.10"]
[Round "10.6"]
[White "Schmitt, Fabien"]
[Black "Kohi, Camilla"]
[Result "1-0"]
[WhiteElo "2164"]
[BlackElo "1875"]
[PlyCount "53"]
[EventDate "2006.10.15"]
[EventType "team"]
[EventRounds "11"]
[EventCountry "FRA"]
[SourceTitle "EXT 2008"]
[Source "ChessBase"]
[SourceDate "2007.11.25"]
[SourceVersion "1"]
[SourceVersionDate "2007.11.25"]
[SourceQuality "1"]
[WhiteTeam "Mulhouse II"]
[BlackTeam "Paris Chess Club II"]
[WhiteTeamCountry "FRA"]
[BlackTeamCountry "FRA"]

1. d4 Nf6 2. Nf3 g6 3. c4 Bg7 4. Nc3 0-0 5. e4 d6 6. Be2 Nc6 7. 0-0 e5 8. d5 Ne7 9. b4 a5 10. bxa5 Rxa5 11. a4 Nd7 12. Nd2 b6 13. Nb3 Ra8 14. a5 f5 15. axb6 Nxb6 16. Rxa8 Nxa8 17. c5 fxe4 18. Bc4 Kh8 19. Nxe4 dxc5 20. d6 Nf5 21. Bg5 Qe8 22. Nbxc5 cxd6 23. Nxd6 Nxd6 24. Qxd6 h6 25. Be3 Rf6 26. Qb8 Rf8 27. Qxa8 1-0

[Event "FRA-chT1B 0607"]
[Site "France"]
[Date "2007.02.11"]
[Round "8.8"]
[White "Kohi, Camilla"]
[Black "Verot, Melanie"]
[Result "0-1"]
[WhiteElo "1875"]
[BlackElo "2092"]
[PlyCount "94"]
[EventDate "2006.10.15"]
[EventType "team"]
[EventRounds "11"]
[EventCountry "FRA"]
[SourceTitle "EXT 2008"]
[Source "ChessBase"]
[SourceDate "2007.11.25"]
[SourceVersion "1"]
[SourceVersionDate "2007.11.25"]
[SourceQuality "1"]
[WhiteTeam "Paris Chess Club II"]
[BlackTeam "Cannes II"]
[WhiteTeamCountry "FRA"]
[BlackTeamCountry "FRA"]

1. e4 c5 2. d3 Nc6 3. Nc3 g6 4. g3 Bg7 5. Bg2 Nf6 6. f4 d6 7. Nf3 0-0 8. 0-0 a6 9. h3 e5 10. Kh2 exf4 11. gxf4 d5 12. Qe1 Nb4 13. Qf2 d4 14. Nd1 Nh5 15. a3 Nc6 16. Kh1 Qc7 17. Nh2 Be6 18. Kg1 Ne7 19. f5 gxf5 20. exf5 Nxf5 21. Qf3 Nf6 22. Qxb7 Qg3 23. Bf4 Qg6 24. Qf3 Nh4 25. Qg3 Nxg2 26. Kxg2 Nh5 27. Qxg6 Nxf4+ 28. Rxf4 hxg6 29. Ng4 Bd5+ 30. Kg1 f5 31. Nh2 Rae8 32. c4 Bc6 33. b4 Be5 34. Rf2 Bd6 35. Nf3 Re7 36. Nh2 Re1+ 37. Nf1 Rfe8 38. b5 axb5 39. cxb5 Bxb5 40. Rd2 Bf4 41. Rg2 Kf7 42. Rc2 Bxd3 43. Rf2 Be3 44. Ndxe3 Rxa1 45. Nd5 Ree1 46. Nf4 Rxf1+ 47. Rxf1 Rxf1+ 0-1

[Event "FRA-ch U14 Girls"]
[Site "Aix les Bains"]
[Date "2006.??.??"]
[Round "1"]
[White "Pinault, Mailys"]
[Black "Kohi, Camilla"]
[Result "0-1"]
[WhiteElo "1440"]
[BlackElo "1877"]
[PlyCount "60"]
[EventDate "2006.04.16"]
[EventType "swiss"]
[EventRounds "9"]
[EventCountry "FRA"]
[SourceTitle "EXT 2007"]
[Source "ChessBase"]
[SourceDate "2006.11.23"]
[SourceVersion "1"]
[SourceVersionDate "2006.11.23"]
[SourceQuality "1"]

1. e4 e6 2. d4 d5 3. exd5 exd5 4. Nf3 Bd6 5. Be3 Bf5 6. Be2 Nf6 7. 0-0 0-0 8. c4 dxc4 9. Bxc4 c6 10. Nc3 Nbd7 11. Bg5 Nb6 12. Bb3 Be7 13. Re1 Nfd5 14. Bxe7 Nxe7 15. Ne5 Ned5 16. Nxd5 Nxd5 17. Qf3 Be6 18. Rad1 a5 19. Qh5 a4 20. Bxd5 Bxd5 21. Re3 Bxa2 22. Rh3 h6 23. Rg3 Kh8 24. Qg4 Rg8 25. Qf4 Qe7 26. Rh3 Qe6 27. Rdd3 g5 28. Qe4 Bd5 29. Qe2 Bc4 30. Qh5 Bxd3 0-1

[Event "FRA-chT U20a 0405"]
[Site "France"]
[Date "2005.05.15"]
[Round "10.5"]
[White "Kohi, Camilla"]
[Black "Khan, Mai Ly"]
[Result "1-0"]
[WhiteElo "1881"]
[BlackElo "1610"]
[PlyCount "89"]
[EventDate "2004.11.19"]
[EventType "team"]
[EventRounds "11"]
[EventCountry "FRA"]
[SourceTitle "EXT 2006"]
[Source "ChessBase"]
[SourceDate "2005.11.24"]
[SourceVersion "1"]
[SourceVersionDate "2005.11.24"]
[SourceQuality "1"]

1. e4 e5 2. Nf3 Nc6 3. Bc4 h6 4. 0-0 Nf6 5. Nc3 Nxe4 6. Bxf7+ Kxf7 7. Nxe4 Be7 8. d4 d5 9. Nc3 e4 10. Ne1 Rf8 11. Qh5+ Kg8 12. f4 Rf5 13. Qd1 Rf7 14. g4 b6 15. Kh1 Ba6 16. Rg1 Bd6 17. g5 hxg5 18. fxg5 Be7 19. g6 Rf1 20. Qh5 Rxg1+ 21. Kxg1 Bf6 22. Nxd5 Bxd4+ 23. Kh1 Qxd5 24. Qxd5+ Kh8 25. Qh5+ Kg8 26. Qh7+ Kf8 27. Qh8+ Ke7 28. Qxa8 Ne5 29. Qxe4 Kf6 30. Qxd4 Kf5 31. Qf4+ Ke6 32. Nd3 Bb7+ 33. Kg1 Nxg6 34. Qg4+ Kf6 35. Bg5+ Kf7 36. Qf5+ Kg8 37. Qxg6 Bd5 38. Re1 Bf7 39. Re8+ Bxe8 40. Qxe8+ Kh7 41. Qh5+ Kg8 42. Qg6 a5 43. Bf6 Kf8 44. Qxg7+ Ke8 45. Qe7# 1-0

[Event "FRA-chT U20a 0405"]
[Site "France"]
[Date "2005.05.15"]
[Round "9.5"]
[White "Netzer, Jacques"]
[Black "Kohi, Camilla"]
[Result "1-0"]
[WhiteElo "1830"]
[BlackElo "1881"]
[PlyCount "43"]
[EventDate "2004.11.19"]
[EventType "team"]
[EventRounds "11"]
[EventCountry "FRA"]
[SourceTitle "EXT 2006"]
[Source "ChessBase"]
[SourceDate "2005.11.24"]
[SourceVersion "1"]
[SourceVersionDate "2005.11.24"]
[SourceQuality "1"]

1. e4 e6 2. d4 d5 3. Nd2 dxe4 4. Nxe4 Nd7 5. Nf3 Ngf6 6. Bd3 Nxe4 7. Bxe4 Nf6 8. Bd3 Bd6 9. 0-0 0-0 10. Re1 b6 11. Bg5 Bb7 12. Ne5 Bxe5 13. Rxe5 Kh8 14. c3 Re8 15. Qe2 Rg8 16. Bxh7 Kxh7 17. Qd3+ Be4 18. Rxe4 Rh8 19. Bxf6 gxf6 20. Rg4+ f5 21. Qh3+ Qh4 22. Qxh4# 1-0

[Event "FRA-chT U20a 0405"]
[Site "France"]
[Date "2005.05.14"]
[Round "8.5"]
[White "Kohi, Camilla"]
[Black "Steil Antoni, Dario"]
[Result "1-0"]
[WhiteElo "1881"]
[BlackElo "1620"]
[PlyCount "95"]
[EventDate "2004.11.19"]
[EventType "team"]
[EventRounds "11"]
[EventCountry "FRA"]
[SourceTitle "EXT 2006"]
[Source "ChessBase"]
[SourceDate "2005.11.24"]
[SourceVersion "1"]
[SourceVersionDate "2005.11.24"]
[SourceQuality "1"]

1. e4 d5 2. exd5 Qxd5 3. Nc3 Qa5 4. Nf3 Nf6 5. d3 Bf5 6. g3 e6 7. Bg2 c6 8. 0-0 Nbd7 9. a3 Bc5 10. Be3 Qc7 11. Bxc5 Nxc5 12. b4 Ncd7 13. b5 Nd5 14. Nxd5 cxd5 15. Nd4 Bg6 16. a4 0-0 17. Nb3 Rfd8 18. Rc1 Nf6 19. Re1 Rac8 20. Qf3 Bh5 21. Qe3 b6 22. c4 d4 23. Qe5 Bg6 24. Qxc7 Rxc7 25. Red1 Nd7 26. f4 Nc5 27. Nxc5 Rxc5 28. Bc6 f6 29. a5 Be8 30. Bxe8 Rxe8 31. a6 Kf7 32. Re1 Kg6 33. Re4 e5 34. Rce1 Kf5 35. g4+ Ke6 36. Rxd4 Kf7 37. Rd7+ Re7 38. Rxe7+ Kxe7 39. fxe5 fxe5 40. Kf2 Kf6 41. h4 g6 42. Re3 Ke6 43. Rf3 e4 44. Re3 Re5 45. Rxe4 Rxe4 46. dxe4 Ke5 47. c5 bxc5 48. b6 1-0

[Event "FRA-ch U12 Girls"]
[Site "Calvi"]
[Date "2005.04.20"]
[Round "5"]
[White "Lefevre, Margaux"]
[Black "Kohi, Camilla"]
[Result "1/2-1/2"]
[WhiteElo "1780"]
[BlackElo "1881"]
[PlyCount "130"]
[EventDate "2005.04.??"]
[EventType "swiss"]
[EventRounds "9"]
[EventCountry "FRA"]
[SourceTitle "EXT 2006"]
[Source "ChessBase"]
[SourceDate "2005.11.24"]
[SourceVersion "1"]
[SourceVersionDate "2005.11.24"]
[SourceQuality "1"]

1. e4 e6 2. d4 d5 3. e5 c5 4. c3 Nc6 5. Nf3 Qb6 6. Be2 f6 7. 0-0 cxd4 8. cxd4 fxe5 9. dxe5 Nge7 10. b3 Ng6 11. Bb2 Bd7 12. Nc3 a6 13. Rc1 Be7 14. Qc2 0-0 15. Na4 Qa7 16. a3 Rac8 17. Qb1 b5 18. Nc3 b4 19. axb4 Nxb4 20. Na4 Nf4 21. Bd1 Bxa4 22. bxa4 Nbd3 23. Rc3 Nxb2 24. Qxb2 Qd7 25. Qc2 Rxc3 26. Qxc3 Qxa4 27. Bxa4 Ne2+ 28. Kh1 Nxc3 29. Bd7 Kf7 30. Nd4 Bb4 31. Bxe6+ Ke7 32. f4 Ne2 33. Nxe2 Kxe6 34. g3 g6 35. Ra1 a5 36. Nd4+ Ke7 37. Nc6+ Kd7 38. Nxa5 Ra8 39. Nb3 Rxa1+ 40. Nxa1 d4 41. Nc2 d3 42. Ne3 d2 43. Nd1 Ke6 44. Kg2 Kd5 45. Kf3 Ke6 46. Ke4 Ba5 47. Kd3 Kd5 48. Ne3+ Ke6 49. Ke2 Bc3 50. Nf1 Bb4 51. Nxd2 Bc5 52. Nf3 Kf5 53. h3 Bb6 54. Nd2 Ke6 55. Kf3 Kf5 56. g4+ Ke6 57. Ke4 Ba5 58. Nf3 Bd8 59. Ng5+ Bxg5 60. fxg5 Ke7 61. h4 Ke6 62. h5 Ke7 63. hxg6 hxg6 64. Kd5 Kd7 65. e6+ Ke8 1/2-1/2

[Event "FRA-ch U12 Girls"]
[Site "Calvi"]
[Date "2005.04.18"]
[Round "2"]
[White "Kohi, Camilla"]
[Black "Balliet, Manon"]
[Result "1-0"]
[WhiteElo "1881"]
[BlackElo "1450"]
[PlyCount "91"]
[EventDate "2005.04.??"]
[EventType "swiss"]
[EventRounds "9"]
[EventCountry "FRA"]
[SourceTitle "EXT 2006"]
[Source "ChessBase"]
[SourceDate "2005.11.24"]
[SourceVersion "1"]
[SourceVersionDate "2005.11.24"]
[SourceQuality "1"]

1. e4 d5 2. exd5 Qxd5 3. Nc3 Qa5 4. d4 e5 5. dxe5 Bb4 6. Bd2 Nc6 7. Bb5 Nge7 8. f4 Be6 9. Nf3 0-0-0 10. Bxc6 Nxc6 11. Qe2 Bg4 12. 0-0 Bxf3 13. gxf3 Rhe8 14. Rfd1 Bxc3 15. Bxc3 Rxd1+ 16. Qxd1 Qc5+ 17. Kg2 Qe3 18. Bd2 Qd4 19. c3 Qd3 20. Be1 Qf5 21. Bg3 g5 22. Qb1 Qxb1 23. Rxb1 gxf4 24. Bxf4 Nxe5 25. Re1 Rg8+ 26. Bg3 Nd3 27. Re7 Nf4+ 28. Kf1 Nd5 29. Rxf7 h6 30. c4 Ne3+ 31. Ke2 Re8 32. Rxc7+ Kd8 33. Kd3 Nf5 34. Bf4 Re7 35. Rxe7 Kxe7 36. Ke4 Ke6 37. b4 h5 38. a4 Ne7 39. Be3 a6 40. b5 axb5 41. cxb5 Nd5 42. Bd4 Nb4 43. a5 Kf7 44. Bc3 Na2 45. Kd4 Kf6 46. a6 1-0

[Event "FRA-chT U20 0405"]
[Site "Agneaux"]
[Date "2004.12.21"]
[Round "7.5"]
[White "Kohi, Camilla"]
[Black "Le Bail, Arielle"]
[Result "1-0"]
[WhiteElo "1900"]
[BlackElo "1690"]
[PlyCount "59"]
[EventDate "2004.12.16"]
[EventType "team"]
[EventRounds "7"]
[EventCountry "FRA"]
[SourceTitle "EXT 2006"]
[Source "ChessBase"]
[SourceDate "2005.11.24"]
[SourceVersion "1"]
[SourceVersionDate "2005.11.24"]
[SourceQuality "1"]
[WhiteTeam "AECE"]
[BlackTeam "Rennes Paul Bert"]
[WhiteTeamCountry "FRA"]
[BlackTeamCountry "FRA"]

1. e4 e6 2. d4 d5 3. e5 c5 4. c3 Nc6 5. Nf3 Bd7 6. a3 a5 7. a4 Nge7 8. Nbd2 Ng6 9. Nb3 c4 10. Nbd2 Be7 11. Nb1 0-0 12. Be2 f6 13. exf6 Bxf6 14. 0-0 Qc7 15. Re1 Rf7 16. Bg5 Qd8 17. Bxf6 Qxf6 18. Na3 Nce7 19. Nb5 Bxb5 20. axb5 b6 21. b4 Nh4 22. bxa5 bxa5 23. b6 Nc8 24. Qb1 Nxf3+ 25. Bxf3 Rb7 26. Qb5 Kf7 27. Qc6 Rxb6 28. Qxa8 Qd8 29. Qxa5 Qc7 30. Bg4 1-0